[Event "Championnat de France - Veterans"]
[Site "Belfort - SNPHHUATVS"]
[Date "2010.??.??"]
[Round "6.10"]
[White "Griggio, Jean-Paul"]
[Black "Pinchon, Henri"]
[Result "0-1"]
[WhiteElo "1788"]
[BlackElo "1901"]
[PlyCount "104"]

1. e4 c5 2. Nf3 e6 3. Nc3 a6 4. g3 d6 5. d4 cxd4 6. Nxd4 Nf6 7. Bg2 Be7 8. O-O
O-O 9. Be3 Qc7 10. a4 Nbd7 11. h3 Rb8 12. Nb3 b6 13. Qe2 Bb7 14. Rfd1 Rbc8 15.
g4 Ne5 16. Bf4 Nfd7 17. Nd2 h6 18. Rac1 Ng6 19. Be3 Bf6 20. Ndb1 Nde5 21. b3
Nd7 22. Bd2 Rfe8 23. Re1 Be5 24. Bf1 d5 25. f3 Bg3 26. Be3 Be5 27. Bd2 d4 28.
Nd1 Nf4 29. Qf2 Qd6 30. Nb2 b5 31. axb5 axb5 32. Nd3 Nxd3 33. cxd3 Bg3 34. Qe2
Bxe1 35. Qxe1 Rxc1 36. Qxc1 Qg3+ 37. Bg2 Rc8 38. Qd1 Qd6 39. Qe1 e5 40. Qh4 Nf8
41. Kh2 Ng6 42. Qe1 Qa6 43. h4 Qa2 44. g5 hxg5 45. Bxg5 Qxb3 46. Bf1 Rc2+ 47.
Kg3 Qb2 48. h5 Nf4 49. Qa5 Rc8 50. Qb6 Bc6 51. Qa6 Bd7 52. h6 Nh5+ 0-1

[Event "Championnat de France - Veterans"]
[Site "Belfort - SNPHHUATVS"]
[Date "2010.??.??"]
[Round "7.1"]
[White "Nemety, Laszlo"]
[Black "Letzelter, Jean-Claude"]
[Result "0-1"]
[WhiteElo "2091"]
[BlackElo "2165"]
[PlyCount "56"]

1. d4 e6 2. e3 b6 3. Ne2 Bb7 4. c4 f5 5. Nbc3 Nf6 6. d5 e5 7. Ng3 g6 8. h4 d6
9. e4 f4 10. Nge2 Nh5 11. Ng1 Nd7 12. Be2 Nhf6 13. g3 Qe7 14. Qc2 Nc5 15. b4
Ncd7 16. gxf4 exf4 17. Nh3 Bg7 18. Nxf4 Nxe4 19. Bb2 Nxf2 20. Rf1 Ng4 21. O-O-O
Ne3 22. Qd3 Nxf1 23. Rxf1 Qxh4 24. Nb5 Bxb2+ 25. Kxb2 Ne5 26. Nxc7+ Kd7 27. Qe4
Qf6 28. Kb3 Kxc7 0-1

[Event "Championnat de France - Veterans"]
[Site "Belfort - SNPHHUATVS"]
[Date "2010.??.??"]
[Round "7.3"]
[White "Goldenberg, Richard"]
[Black "Jouhaneau, Jacques"]
[Result "1-0"]
[WhiteElo "2356"]
[BlackElo "1819"]
[PlyCount "51"]

1. e4 c5 2. Nf3 d6 3. c3 Nf6 4. Be2 e6 5. O-O Nbd7 6. d3 Be7 7. Nbd2 Qc7 8. Re1
a6 9. d4 b5 10. a4 b4 11. e5 dxe5 12. dxe5 Nd5 13. cxb4 Nxb4 14. Nc4 Nd5 15.
Bg5 N7b6 16. Bxe7 Nxc4 17. Bh4 Ncb6 18. Bd3 Nf4 19. Be4 Nfd5 20. a5 Nd7 21.
Bxd5 exd5 22. e6 Nf6 23. exf7+ Kxf7 24. Bxf6 Kxf6 25. Qxd5 Bd7 26. Qg5+ 1-0

[Event "Championnat de France - Veterans"]
[Site "Belfort - SNPHHUATVS"]
[Date "2010.??.??"]
[Round "7.5"]
[White "Brongers, Henk"]
[Black "Rosenfeld, Imre"]
[Result "1-0"]
[WhiteElo "2062"]
[BlackElo "1866"]
[PlyCount "35"]

1. e4 e6 2. d4 d5 3. Nc3 dxe4 4. Nxe4 Nd7 5. Nf3 Ngf6 6. Bg5 h6 7. Nxf6+ Nxf6
8. Be3 Be7 9. Bd3 O-O 10. Qd2 b6 11. Ne5 Bb7 12. f3 Nd5 13. Bxh6 gxh6 14. Qxh6
Nf6 15. Ng4 Re8 16. Nxf6+ Bxf6 17. Bh7+ Kh8 18. Bg6+ 1-0

[Event "Championnat de France - Veterans"]
[Site "Belfort - SNPHHUATVS"]
[Date "2010.??.??"]
[Round "7.6"]
[White "Pinchon, Henri"]
[Black "Cousin, Philippe"]
[Result "1/2-1/2"]
[WhiteElo "1901"]
[BlackElo "1957"]
[PlyCount "79"]

1. e4 c6 2. d4 d5 3. exd5 cxd5 4. Bd3 Nc6 5. c3 Nf6 6. h3 h6 7. Nf3 e6 8. O-O
Bd6 9. Re1 O-O 10. Nbd2 Qc7 11. Nf1 Re8 12. Bd2 e5 13. dxe5 Nxe5 14. Nxe5 Bxe5
15. Be3 Bd7 16. Nd2 Rad8 17. Nf3 Bf4 18. Bxf4 Qxf4 19. Qd2 Qxd2 20. Nxd2 Bc6
21. Nb3 Ne4 22. f3 Nf6 23. Kf2 g6 24. Nd4 Kf8 25. b4 Rxe1 26. Rxe1 Re8 27. Ra1
Rc8 28. a4 Bd7 29. Ra3 Ne8 30. b5 Nd6 31. h4 h5 32. Rb3 Nc4 33. Be2 Nd2 34. Rb2
Nc4 35. Rb3 Ke7 36. Bd3 Kd6 37. f4 f5 38. Nf3 Na5 39. Ra3 Be8 40. Nd4 1/2-1/2

[Event "Championnat de France - Veterans"]
[Site "Belfort - SNPHHUATVS"]
[Date "2010.??.??"]
[Round "7.7"]
[White "Cortes, Jaime"]
[Black "Chabeaud, Jean-Jacques"]
[Result "1-0"]
[WhiteElo "1948"]
[BlackElo "1823"]
[PlyCount "65"]

1. d4 d5 2. c4 c6 3. Nf3 Nf6 4. Nc3 a6 5. cxd5 cxd5 6. e3 e6 7. Bd3 Nc6 8. O-O
Be7 9. Ne5 Nxe5 10. dxe5 Nd7 11. f4 Nc5 12. Bc2 b5 13. Qg4 g6 14. Ne2 Bd7 15.
Nd4 Qc8 16. b3 Ne4 17. Bb2 Bb4 18. Bxe4 dxe4 19. Rac1 Qb7 20. Rc2 O-O 21. a3
Ba5 22. Rff2 Bb6 23. h4 Bxd4 24. Bxd4 f5 25. Qg5 Rac8 26. h5 Be8 27. b4 Kg7 28.
Bc5 Rf7 29. Rfd2 Bc6 30. Rd6 Bd5 31. h6+ Kg8 32. Rd8+ Rf8 33. Bxf8 1-0

[Event "Championnat de France - Veterans"]
[Site "Belfort - SNPHHUATVS"]
[Date "2010.??.??"]
[Round "7.8"]
[White "Peyrin, Jean"]
[Black "Fernandez, Clement"]
[Result "1-0"]
[WhiteElo "1938"]
[BlackElo "1738"]
[PlyCount "59"]

1. d4 d5 2. c4 c6 3. Nf3 Nf6 4. Nc3 e6 5. cxd5 exd5 6. Bg5 Be7 7. e3 O-O 8. Qc2
Re8 9. Bd3 h6 10. Bh4 Ne4 11. Bxe7 Qxe7 12. O-O Nd7 13. Rab1 Ndf6 14. b4 Ng4
15. Nd1 Qd6 16. Re1 Ng5 17. Ne5 Nxh2 18. Kxh2 f6 19. f4 fxe5 20. dxe5 Qe6 21.
fxg5 Qxe5+ 22. Kg1 Qxg5 23. Rf1 Bg4 24. b5 Bxd1 25. Rbxd1 Rxe3 26. bxc6 bxc6
27. Qxc6 Rae8 28. Qg6 Qxg6 29. Bxg6 R8e6 30. Bf7+ 1-0

[Event "Championnat de France - Veterans"]
[Site "Belfort - SNPHHUATVS"]
[Date "2010.??.??"]
[Round "7.9"]
[White "Deveau, Henri"]
[Black "Andrieu, Philippe"]
[Result "0-1"]
[WhiteElo "1760"]
[BlackElo "1935"]
[PlyCount "107"]

1. e4 Nc6 2. d4 e5 3. Nf3 exd4 4. Bc4 Be7 5. O-O d6 6. Nxd4 Nxd4 7. Qxd4 Bf6 8.
Qd1 Ne7 9. c3 O-O 10. Bf4 Ng6 11. Bg3 Bd7 12. f4 Re8 13. Nd2 c6 14. Qf3 Qb6+
15. Qf2 Qxb2 16. Rab1 Qxc3 17. e5 dxe5 18. fxe5 Nxe5 19. Bxe5 Rxe5 20. Rxb7 Re7
21. Qf4 Rae8 22. Kh1 Qd4 23. Qxd4 Bxd4 24. Nf3 Bb6 25. Ng5 Be6 26. Rxe7 Rxe7
27. Nxe6 fxe6 28. g3 g6 29. Rf3 Kg7 30. Kg2 e5 31. Kf1 e4 32. Rc3 e3 33. Bd3
Rf7+ 34. Kg2 Rf2+ 35. Kh3 Rf6 36. Rc2 Bd4 37. g4 c5 38. Kg3 Rf2 39. Rxf2 exf2
40. Kf3 Kf6 41. h4 Ke5 42. Bc4 h6 43. a3 g5 44. h5 Bb2 45. Kxf2 Kd4 46. Bb5
Bxa3 47. Ke2 Bb4 48. Kd1 Kc3 49. Kc1 Kb3 50. Ba6 c4 51. Kb1 Bd2 52. Ka1 c3 53.
Bc8 c2 54. Be6+ 0-1

[Event "Championnat de France - Veterans"]
[Site "Belfort - SNPHHUATVS"]
[Date "2010.??.??"]
[Round "7.10"]
[White "Fallet, Didier"]
[Black "Molet, Asher"]
[Result "1/2-1/2"]
[WhiteElo "2000"]
[BlackElo "1830"]
[PlyCount "56"]

1. c4 e6 2. d4 d5 3. g3 Nf6 4. Bg2 Be7 5. Nf3 O-O 6. O-O Nbd7 7. Nc3 c6 8. c5
e5 9. dxe5 Ng4 10. e4 Bxc5 11. exd5 Ndxe5 12. Ne4 Bb6 13. dxc6 Nxc6 14. h3 Nge5
15. Bf4 Qxd1 16. Rfxd1 Nxf3+ 17. Bxf3 Bxh3 18. Nd6 Nd4 19. Bxb7 Rad8 20. Rd2
Ne6 21. Be5 f6 22. Bc3 Bc5 23. Ne4 Rxd2 24. Nxd2 Rd8 25. Re1 Ng5 26. Bg2 Rd3
27. Ne4 Nxe4 28. Bxe4 Rd8 1/2-1/2

[Event "Championnat de France - Veterans"]
[Site "Belfort - SNPHHUATVS"]
[Date "2010.??.??"]
[Round "8.1"]
[White "Hoyer, Hans-Gerd"]
[Black "Letzelter, Jean-Claude"]
[Result "0-1"]
[WhiteElo "2078"]
[BlackElo "2165"]
[PlyCount "76"]

1. e4 Nc6 2. d3 g6 3. Nf3 Bg7 4. g3 d5 5. Nbd2 Bg4 6. Bg2 h6 7. h3 Be6 8. O-O
Qd7 9. Kh2 g5 10. exd5 Bxd5 11. Ne4 e5 12. c3 O-O-O 13. Qa4 Kb8 14. Nc5 Qd6 15.
b4 Nce7 16. Ba3 Nc8 17. Rad1 Qf6 18. Ne4 Bxe4 19. dxe4 Nge7 20. c4 Nc6 21. c5
Rxd1 22. Rxd1 Nd4 23. Nxd4 exd4 24. Qc2 a6 25. Bc1 Na7 26. a4 Nc6 27. b5 Na7
28. e5 Qe6 29. c6 axb5 30. axb5 Qxe5 31. b6 cxb6 32. cxb7 Rd8 33. Rd3 Bf8 34.
Rf3 Rd7 35. Rf5 Qc7 36. Qa4 d3 37. Qxa7+ Kxa7 38. Be3 Bc5 0-1

[Event "Championnat de France - Veterans"]
[Site "Belfort - SNPHHUATVS"]
[Date "2010.??.??"]
[Round "8.2"]
[White "Goldenberg, Richard"]
[Black "Negre, Albert"]
[Result "1-0"]
[WhiteElo "2356"]
[BlackElo "2098"]
[PlyCount "47"]

1. d4 Nf6 2. Bg5 Ne4 3. h4 d5 4. Nd2 Bf5 5. Nxe4 Bxe4 6. e3 h6 7. Bf4 e6 8. f3
Bh7 9. Bd3 Bxd3 10. Qxd3 c6 11. Ne2 Bd6 12. O-O-O Bxf4 13. exf4 Nd7 14. f5 e5
15. dxe5 Nxe5 16. Qe3 O-O 17. Nf4 Nc4 18. Qc3 Re8 19. Nh5 f6 20. Rh3 Ne3 21.
Rg3 Nxd1 22. Kxd1 Re5 23. Rxg7+ Kh8 24. Qd2 1-0

[Event "Championnat de France - Veterans"]
[Site "Belfort - SNPHHUATVS"]
[Date "2010.??.??"]
[Round "8.3"]
[White "Brongers, Henk"]
[Black "Nemety, Laszlo"]
[Result "1-0"]
[WhiteElo "2062"]
[BlackElo "2091"]
[PlyCount "61"]

1. e4 e6 2. d4 d6 3. Nf3 Nf6 4. Bd3 Nc6 5. c4 d5 6. cxd5 exd5 7. e5 Ne4 8. a3
Bg4 9. Qb3 Na5 10. Qa4+ c6 11. Nbd2 b5 12. Qc2 Nxd2 13. Bxd2 Nc4 14. b3 Nxd2
15. Nxd2 Qd7 16. b4 h5 17. h3 Be6 18. Nb3 Be7 19. O-O g5 20. Nc5 Bxc5 21. Qxc5
h4 22. a4 Rh6 23. f4 gxf4 24. Rxf4 bxa4 25. Rxa4 Bxh3 26. Rf6 Rxf6 27. exf6 Qe6
28. Qc1 Bg4 29. b5 cxb5 30. Bxb5+ Kf8 31. Qh6+ 1-0

[Event "Championnat de France - Veterans"]
[Site "Belfort - SNPHHUATVS"]
[Date "2010.??.??"]
[Round "8.4"]
[White "Andrieu, Philippe"]
[Black "Cortes, Jaime"]
[Result "0-1"]
[WhiteElo "1935"]
[BlackElo "1948"]
[PlyCount "102"]

1. d4 Nf6 2. Bg5 d5 3. Nd2 Nbd7 4. Ngf3 e6 5. e4 dxe4 6. Nxe4 Be7 7. Ng3 b6 8.
Bd3 Bb7 9. O-O h6 10. Bd2 c5 11. dxc5 Bxc5 12. Qe2 O-O 13. Rad1 Qc7 14. Ne4 Be7
15. Rfe1 Nc5 16. Nxc5 Bxc5 17. Bc3 Ng4 18. Be5 Nxe5 19. Nxe5 Rad8 20. Be4 Bd4
21. Nd3 Rd7 22. Bxb7 Qxb7 23. c3 Bf6 24. Ne5 Rd5 25. Ng4 Bg5 26. Rxd5 Qxd5 27.
c4 Qa5 28. a3 Rd8 29. g3 Rd2 30. Qe4 Rxb2 31. h4 Be7 32. Ne5 Qd2 33. Nd3 Rb3
34. Nf4 Bc5 35. Re2 Qd6 36. Kg2 Rxa3 37. Qc2 Qc6+ 38. Kh2 Qf3 39. Rd2 Ra1 40.
Rd8+ Bf8 41. Ng2 Rf1 42. Rd2 g6 43. Qa2 e5 44. Qb2 Kh7 45. Qxe5 Rxf2 46. Rxf2
Qxf2 47. Qd5 Bc5 48. Qd1 h5 49. g4 hxg4 50. Qxg4 Bd6+ 51. Kh3 f5 0-1

[Event "Championnat de France - Veterans"]
[Site "Belfort - SNPHHUATVS"]
[Date "2010.??.??"]
[Round "8.5"]
[White "Cousin, Philippe"]
[Black "Peyrin, Jean"]
[Result "0-1"]
[WhiteElo "1957"]
[BlackElo "1938"]
[PlyCount "74"]

1. d4 Nf6 2. Nf3 e6 3. c4 Bb4+ 4. Bd2 Qe7 5. g3 Nc6 6. e3 O-O 7. Nc3 Bxc3 8.
Bxc3 Ne4 9. Qc2 Nxc3 10. Qxc3 d6 11. Bg2 e5 12. O-O a5 13. Nd2 f5 14. f4 Re8
15. d5 Nb8 16. Rae1 Nd7 17. a3 a4 18. Nf3 Nc5 19. Nd2 Bd7 20. e4 exf4 21. Rxf4
Qe5 22. Rff1 Qxc3 23. bxc3 Nb3 24. Nf3 fxe4 25. Nd4 Nd2 26. Rf2 e3 27. Rfe2
Nxc4 28. Nc2 Bg4 29. Rxe3 Nxe3 30. Nxe3 Bd7 31. Nc2 Rxe1+ 32. Nxe1 Kf7 33. Nf3
Kf6 34. Nd4 Ra5 35. c4 Ra6 36. Bf1 Rb6 37. Kf2 Rb2+ 0-1

[Event "Championnat de France - Veterans"]
[Site "Belfort - SNPHHUATVS"]
[Date "2010.??.??"]
[Round "8.6"]
[White "Degrave, Jack"]
[Black "Hirschmann, Georges"]
[Result "1/2-1/2"]
[WhiteElo "2003"]
[BlackElo "1864"]
[PlyCount "119"]

1. d4 Nf6 2. Bf4 e6 3. e3 b6 4. Nf3 Bb7 5. Bd3 Be7 6. Nbd2 c5 7. e4 cxd4 8.
Nxd4 Nc6 9. Nb5 d6 10. Nc4 e5 11. Bg5 a6 12. Nc3 h6 13. Be3 Nd4 14. O-O b5 15.
Nd2 Ne6 16. Qf3 g5 17. Nd5 Nxd5 18. exd5 Ng7 19. c4 f5 20. Bxf5 O-O 21. g4 Nxf5
22. gxf5 Qd7 23. Qh5 Qxf5 24. f3 Rf6 25. Ne4 Rg6 26. b3 Rf8 27. Nf2 Bc8 28. Ng4
Kg7 29. Rf2 Qd3 30. Re1 Bxg4 31. Qxg4 bxc4 32. Qxc4 Qxc4 33. bxc4 Rgf6 34. Kg2
Rc8 35. Rc1 Rf7 36. Rfc2 Bf8 37. c5 dxc5 38. Bxc5 Bxc5 39. Rxc5 Rxc5 40. Rxc5
Rd7 41. a4 Kf7 42. Kf2 Ke7 43. Ke3 Kd6 44. Rc6+ Kxd5 45. Rxa6 h5 46. Rg6 Ra7
47. Rxg5 Rxa4 48. Rxh5 Ke6 49. h4 Kf6 50. Kf2 Ra3 51. Rh8 Kg7 52. Rc8 Kf6 53.
Kg3 Ra4 54. Rb8 Kf7 55. Rb5 Kf6 56. h5 Ra8 57. Kh4 Ra4+ 58. Kg3 Ra8 59. Kf2 Rh8
60. Ke3 1/2-1/2

[Event "Championnat de France - Veterans"]
[Site "Belfort - SNPHHUATVS"]
[Date "2010.??.??"]
[Round "8.7"]
[White "Meyer, Henri-Michel"]
[Black "Belluire, Patrice"]
[Result "1/2-1/2"]
[WhiteElo "1849"]
[BlackElo "1982"]
[PlyCount "56"]

1. d4 Nf6 2. c4 e6 3. Nc3 Bb4 4. Qc2 c5 5. e3 Nc6 6. Nf3 cxd4 7. exd4 d5 8. a3
Be7 9. Be3 O-O 10. Bd3 dxc4 11. Bxc4 a6 12. O-O b5 13. Bd3 Bb7 14. Ne4 h6 15.
Nc5 Bxc5 16. dxc5 Qe7 17. Rfe1 Nd5 18. Be4 Nxe3 19. Rxe3 Rfd8 20. Bxc6 Bxc6 21.
b4 Rac8 22. h3 Qb7 23. Rd1 Bd5 24. Ne1 Re8 25. Qc3 f6 26. Rg3 Qf7 27. Qe3 Kh8
28. Qc3 Bc4 1/2-1/2

[Event "Championnat de France - Veterans"]
[Site "Belfort - SNPHHUATVS"]
[Date "2010.??.??"]
[Round "8.8"]
[White "Molet, Asher"]
[Black "Dubreuil, Remy"]
[Result "1-0"]
[WhiteElo "1830"]
[BlackElo "1927"]
[PlyCount "53"]

1. d4 g6 2. c4 Bg7 3. Nc3 d6 4. e4 Nd7 5. Nf3 c6 6. Be2 Ngf6 7. e5 Ng8 8. e6
fxe6 9. Ng5 Ndf6 10. Bf3 Nh6 11. Qe2 O-O 12. Nxe6 Bxe6 13. Qxe6+ Kh8 14. Bxh6
Bxh6 15. O-O Qc7 16. Rfe1 Rfe8 17. Re2 Bg7 18. Rd1 a6 19. Rd3 b5 20. c5 d5 21.
b4 Ng8 22. Qh3 e5 23. dxe5 Bxe5 24. Nd1 Re7 25. Ne3 Kg7 26. Rd1 Rae8 27. Ng4
1-0

[Event "Championnat de France - Veterans"]
[Site "Belfort - SNPHHUATVS"]
[Date "2010.??.??"]
[Round "8.9"]
[White "Jouhaneau, Jacques"]
[Black "Pinchon, Henri"]
[Result "0-1"]
[WhiteElo "1819"]
[BlackElo "1901"]
[PlyCount "160"]

1. c4 Nf6 2. Nc3 e6 3. Nf3 Be7 4. g3 O-O 5. Bg2 c6 6. O-O d5 7. cxd5 cxd5 8. d4
Nc6 9. e3 a6 10. a3 Bd7 11. b4 Rc8 12. Bb2 b5 13. Nd2 Qb6 14. Rb1 Rfd8 15. Qe2
Bf8 16. Rfc1 g6 17. Nb3 Bg7 18. Nc5 Be8 19. Rd1 Ne7 20. e4 dxe4 21. N3xe4 Nxe4
22. Bxe4 Nd5 23. Bg2 Rc6 24. Qe1 Rcd6 25. Rd2 Bc6 26. Rbd1 Ne7 27. Bxc6 Qxc6
28. Nb3 Nd5 29. Qe4 Qa8 30. Nc5 Qa7 31. Qf3 Rb6 32. Ne4 Qe7 33. Nc5 Qa7 34. Ne4
a5 35. bxa5 Qxa5 36. Qb3 Qa8 37. Qf3 b4 38. axb4 Rxb4 39. Ra1 Ra4 40. Rxa4 Qxa4
41. Qa3 Qc6 42. Qc5 Qa8 43. Ba3 Bf8 44. Qc4 Qxa3 45. Ra2 Qb4 46. Qxb4 Nxb4 47.
Rd2 Bg7 48. Rb2 Rxd4 49. Nd2 Nc6 50. Kg2 h6 51. Nf3 Rd8 52. Rb7 Ne5 53. Ng1 g5
54. h4 Bf6 55. hxg5 hxg5 56. Nh3 Ng6 57. Rb4 Kg7 58. Ng1 Rd7 59. Nf3 Rd5 60.
Rb7 Ne5 61. Nh2 g4 62. Rb4 Be7 63. Rb7 Bd8 64. Nf1 Rd7 65. Rb5 f6 66. Ne3 Rd4
67. Rb7+ Kg6 68. Ra7 f5 69. Ra6 Kf7 70. Ra7+ Be7 71. Ra5 Nf3 72. Ra8 Rb4 73.
Ra1 Rb2 74. Rh1 Ng5 75. Nc4 Re2 76. Kf1 Ra2 77. Rh6 Kg7 78. Rh5 Nh3 79. Ke1
Bb4+ 80. Kd1 Nxf2+ 0-1

[Event "Championnat de France - Veterans"]
[Site "Belfort - SNPHHUATVS"]
[Date "2010.??.??"]
[Round "8.10"]
[White "Carrot, Patrick"]
[Black "Birens, Eric-Andre"]
[Result "1-0"]
[WhiteElo "1835"]
[BlackElo "2024"]
[PlyCount "160"]

1. e4 c5 2. Nf3 d6 3. d4 cxd4 4. Nxd4 Nf6 5. Nc3 a6 6. Be2 e5 7. Nf3 h6 8. O-O
Be6 9. Re1 Be7 10. h3 Nbd7 11. Be3 Nb6 12. b3 Rc8 13. Qd3 Qc7 14. Bd2 d5 15.
exd5 Nbxd5 16. Nxd5 Bxd5 17. Nxe5 O-O 18. Bf3 Bxf3 19. Nxf3 Rfd8 20. Qe2 Ba3
21. c4 Re8 22. Qd3 Red8 23. Qf5 Qd7 24. Qxd7 Nxd7 25. Bc3 b6 26. Rad1 Bf8 27.
Bd4 Bb4 28. Re3 Nc5 29. Ra1 Ba3 30. Rb1 a5 31. Rbe1 Bb4 32. R1e2 Kf8 33. Bc3
Ba3 34. Rd2 Bc1 35. Rxd8+ Rxd8 36. Re1 Ba3 37. Nd4 Nd3 38. Rd1 Nf4 39. Kf1 Kg8
40. Rd2 Bc1 41. Rc2 Ba3 42. h4 Bc5 43. Rd2 Ng6 44. g3 Ne5 45. Nf3 Rxd2 46. Nxd2
Nd3 47. Ne4 Nc1 48. Nxc5 bxc5 49. Bxa5 Nxa2 50. Bb6 Nc1 51. Bxc5 Nxb3 52. Bb4
Nd4 53. Bc3 Nc6 54. Ke2 f6 55. Kd3 Kf7 56. Ke4 Ke6 57. g4 g6 58. Kf4 Ne7 59.
Ke3 f5 60. g5 hxg5 61. hxg5 Nc6 62. Bb2 Kd6 63. Ba3+ Ke6 64. f4 Kd7 65. Kd3 Ke6
66. Kc3 Kd7 67. c5 Ke6 68. Kc4 Ne7 69. Kb5 Kd5 70. Kb6 Nc6 71. Kc7 Nd4 72. Kd7
Nc6 73. Ke8 Ke6 74. Kf8 Nd4 75. Kg7 Ne2 76. Kxg6 Nxf4+ 77. Kh7 Nd5 78. g6 f4
79. Bb2 f3 80. Bd4 Nf6+ 1-0

[Event "Championnat de France - Veterans"]
[Site "Belfort - SNPHHUATVS"]
[Date "2010.??.??"]
[Round "9.2"]
[White "Cortes, Jaime"]
[Black "Goldenberg, Richard"]
[Result "0-1"]
[WhiteElo "1948"]
[BlackElo "2356"]
[PlyCount "68"]

1. d4 e6 2. c4 Bb4+ 3. Nc3 f5 4. Nf3 Nf6 5. Bg5 O-O 6. e3 b6 7. Bd3 Bb7 8. Qc2
d6 9. a3 Bxc3+ 10. Qxc3 Nbd7 11. b4 Qe8 12. Bxf6 Nxf6 13. Qc2 Qg6 14. Nd2 Qxg2
15. Rf1 Ng4 16. O-O-O Nxh2 17. Rg1 Qxf2 18. d5 exd5 19. Qc3 g6 20. Qd4 c5 21.
bxc5 bxc5 22. Qc3 Qxe3 23. Rde1 Qd4 24. Qxd4 cxd4 25. Re7 Ba6 26. Rh1 dxc4 27.
Rxh2 Rf7 28. Rxf7 Kxf7 29. Nxc4 Rc8 30. Rc2 Bxc4 31. Bxc4+ Kf6 32. Kd2 d5 33.
Bxd5 Rxc2+ 34. Kxc2 g5 0-1

[Event "Championnat de France - Veterans"]
[Site "Belfort - SNPHHUATVS"]
[Date "2010.??.??"]
[Round "9.3"]
[White "Negre, Albert"]
[Black "Peyrin, Jean"]
[Result "1-0"]
[WhiteElo "2098"]
[BlackElo "1938"]
[PlyCount "113"]

1. d4 Nf6 2. Nc3 d5 3. Bg5 g6 4. Qd2 Bg7 5. f3 c5 6. e3 cxd4 7. exd4 O-O 8.
O-O-O Nc6 9. h4 h5 10. Bh6 Bf5 11. Bxg7 Kxg7 12. Be2 Qd7 13. Qg5 Rh8 14. Nh3
Nh7 15. Qf4 Nf6 16. Nf2 Qd6 17. Qg5 Nh7 18. Qe3 Qe6 19. Qf4 Nb4 20. Rd2 Rac8
21. a3 Nxc2 22. g4 hxg4 23. fxg4 Qe3 24. Qxe3 Nxe3 25. gxf5 Nxf5 26. Bg4 Nf6
27. Bxf5 gxf5 28. Kd1 e6 29. Nd3 Ng4 30. Re2 Nf6 31. Rg2+ Kf8 32. Ne5 Rh7 33.
h5 Ke7 34. h6 Rch8 35. Rhg1 Ng4 36. Nxg4 fxg4 37. Rxg4 Rxh6 38. Ne2 Rh1 39. Kd2
Rxg1 40. Rxg1 Rc8 41. Nf4 Rh8 42. Rc1 Kd7 43. Nd3 Rh2+ 44. Kc3 Rh3 45. Rg1 Kc7
46. Rg7 Rf3 47. Kc2 Kb6 48. Ne5 Rf2+ 49. Kc3 f5 50. Re7 Rh2 51. Rxe6+ Kc7 52.
Re7+ Kc8 53. Nd3 Rh6 54. Re5 Rc6+ 55. Kd2 Rh6 56. Rxf5 Kc7 57. Rxd5 1-0

[Event "Championnat de France - Veterans"]
[Site "Belfort - SNPHHUATVS"]
[Date "2010.??.??"]
[Round "9.4"]
[White "Nemety, Laszlo"]
[Black "Carrot, Patrick"]
[Result "1-0"]
[WhiteElo "2091"]
[BlackElo "1835"]
[PlyCount "79"]

1. d4 Nf6 2. e3 e6 3. Ne2 c5 4. Nf4 cxd4 5. exd4 d5 6. Bd3 Nc6 7. c3 Bd6 8. Nh5
Nxh5 9. Qxh5 g6 10. Qe2 O-O 11. f4 Re8 12. O-O a6 13. Nd2 Bf8 14. Nf3 Bg7 15.
Bd2 Bd7 16. Be1 Na7 17. Bh4 Qc7 18. Bg3 Qd8 19. h4 Bb5 20. h5 Bxd3 21. Qxd3 Nb5
22. hxg6 hxg6 23. Bh4 Bf6 24. Bxf6 Qxf6 25. Ng5 Nd6 26. Rae1 b5 27. Re3 Qf5 28.
Qe2 Ra7 29. g4 Qf6 30. Rf2 Qg7 31. Rh2 Nc4 32. Reh3 Kf8 33. Nh7+ Ke7 34. g5 Rh8
35. Nf6 Rxh3 36. Rxh3 Kd8 37. Qh2 Ke7 38. Rh7 Qf8 39. Rh8 Qg7 40. Rg8 1-0

[Event "Championnat de France - Veterans"]
[Site "Belfort - SNPHHUATVS"]
[Date "2010.??.??"]
[Round "9.5"]
[White "Pinchon, Henri"]
[Black "Hoyer, Hans-Gerd"]
[Result "0-1"]
[WhiteElo "1901"]
[BlackElo "2078"]
[PlyCount "154"]

1. e4 g6 2. d4 Bg7 3. Nf3 d6 4. h3 c5 5. Bb5+ Bd7 6. Bxd7+ Nxd7 7. O-O Ngf6 8.
Re1 cxd4 9. Nxd4 O-O 10. c3 Nc5 11. e5 dxe5 12. Rxe5 Nfe4 13. Rxe4 Nxe4 14. Qe1
Nd6 15. Na3 a6 16. Bd2 Re8 17. Rd1 Qb6 18. Nb3 Rac8 19. Be3 Qc7 20. Bd4 e5 21.
Be3 Nf5 22. Bc1 b6 23. Nd2 Rcd8 24. Ne4 h6 25. f3 b5 26. Nc2 Rxd1 27. Qxd1 Qb6+
28. Kh2 Kh7 29. Qe2 Rd8 30. Ne3 Nxe3 31. Bxe3 Qc7 32. Qf2 Re8 33. Bb6 Qb8 34.
Ba7 Qd8 35. Bb6 Qd5 36. b3 f5 37. c4 bxc4 38. bxc4 Qe6 39. Nd2 e4 40. fxe4 fxe4
41. Be3 Be5+ 42. g3 Bg7 43. Qe2 h5 44. Kg2 Qc6 45. Nb3 Rf8 46. c5 h4 47. Qg4
hxg3 48. Qxg3 Rf3 49. Qh4+ Kg8 50. Qd8+ Rf8 51. Qg5 Rf5 52. Qd8+ Kh7 53. Qe7
Qd5 54. Nd2 Re5 55. Qh4+ Kg8 56. Qg4 Re6 57. Nb3 a5 58. Nc1 a4 59. Qe2 Bd4 60.
Qd2 Qf5 61. Qxd4 Rf6 62. Qc4+ Kh7 63. Qe2 g5 64. Qh5+ Kg8 65. Qe2 Kf7 66. a3
Kg6 67. Na2 Qe6 68. Nb4 Rf3 69. Bf2 Qxh3+ 70. Kg1 Qg4+ 71. Kf1 e3 72. Qd3+ Qf5
73. Qd6+ Kh5 74. Qh2+ Rh3 75. Qg1 exf2 76. Qg2 Rxa3 77. Nc2 Qd3+ 0-1

[Event "Championnat de France - Veterans"]
[Site "Belfort - SNPHHUATVS"]
[Date "2010.??.??"]
[Round "9.6"]
[White "Belluire, Patrice"]
[Black "Molet, Asher"]
[Result "1-0"]
[WhiteElo "1982"]
[BlackElo "1830"]
[PlyCount "51"]

1. e4 c5 2. Nf3 Nc6 3. d4 cxd4 4. Nxd4 Nf6 5. Nc3 e5 6. Ndb5 d6 7. Nd5 Nxd5 8.
exd5 Nb8 9. c4 a6 10. Qa4 Nd7 11. c5 dxc5 12. d6 axb5 13. Qxa8 Bxd6 14. Bxb5
O-O 15. Be3 Qe7 16. O-O-O e4 17. Qa4 Nb6 18. Qc2 Bg4 19. Rd2 Ra8 20. a4 Nd7 21.
h3 Be6 22. Rhd1 Ne5 23. Rxd6 Nd3+ 24. R6xd3 exd3 25. Qxd3 h6 26. Qd6 1-0

[Event "Championnat de France - Veterans"]
[Site "Belfort - SNPHHUATVS"]
[Date "2010.??.??"]
[Round "9.7"]
[White "Duval, Michel"]
[Black "Degrave, Jack"]
[Result "0-1"]
[WhiteElo "1773"]
[BlackElo "2003"]
[PlyCount "92"]

1. e4 e6 2. d3 d5 3. Nd2 Nf6 4. g3 c5 5. Bg2 Nc6 6. Ngf3 Be7 7. O-O O-O 8. Re1
b5 9. exd5 exd5 10. Ne5 Nxe5 11. Rxe5 Be6 12. Qe1 Rb8 13. Nf3 Bd6 14. Re3 Qc7
15. Bd2 b4 16. Rxe6 fxe6 17. Qxe6+ Kh8 18. Ng5 Rbe8 19. Qh3 Qc8 20. Qxc8 Rxc8
21. Re1 h6 22. Nf3 Rfe8 23. Rxe8+ Rxe8 24. Kf1 g5 25. h3 Kg7 26. Bc1 a5 27. b3
a4 28. Ne1 axb3 29. axb3 Be5 30. Bd2 Kf7 31. Bf3 Ke6 32. Bg2 Kd6 33. Nf3 Ra8
34. Ne1 Ne8 35. h4 Ra1 36. hxg5 hxg5 37. g4 Nc7 38. Ke2 Ne6 39. Nf3 Nf4+ 40.
Bxf4 Bxf4 41. Bf1 Rc1 42. Ne1 Be5 43. Kd2 Ra1 44. Ke2 Bc3 45. Nf3 Rc1 46. Nxg5
Re1+ 0-1

[Event "Championnat de France - Veterans"]
[Site "Belfort - SNPHHUATVS"]
[Date "2010.??.??"]
[Round "9.8"]
[White "Fallet, Didier"]
[Black "Andrieu, Philippe"]
[Result "1-0"]
[WhiteElo "2000"]
[BlackElo "1935"]
[PlyCount "127"]

1. c4 Nc6 2. g3 e5 3. Bg2 Nf6 4. d3 Bc5 5. Nc3 O-O 6. e3 a6 7. Nge2 d6 8. O-O
Bg4 9. a3 Qd7 10. b4 Ba7 11. b5 axb5 12. cxb5 Nd8 13. Bb2 Bh3 14. Qc2 Bxg2 15.
Kxg2 Ne6 16. a4 Ng5 17. Ng1 Rfe8 18. h4 Ne6 19. Nf3 Nc5 20. Rfd1 e4 21. dxe4
Ncxe4 22. Nxe4 Nxe4 23. Bd4 Bxd4 24. Rxd4 Qe7 25. Rc1 Rac8 26. Rc4 c5 27. bxc6
d5 28. Rd4 Rxc6 29. Qb2 Rxc1 30. Qxc1 Qe6 31. Qc2 Qc6 32. Qb3 Nf6 33. Rb4 Re7
34. Nd4 Qc7 35. Nf5 Rd7 36. Qb2 Qc6 37. Rb6 Qc5 38. Rxf6 d4 39. Nxg7 Kxg7 40.
Rf4 Kf8 41. Rxd4 Qc6+ 42. e4 Qf6 43. Qb4+ Qe7 44. Qxe7+ Rxe7 45. f4 Kg7 46. Kf3
Re6 47. Rd5 Ra6 48. a5 b6 49. axb6 Rxb6 50. e5 Ra6 51. h5 Ra3+ 52. Kg4 Re3 53.
Rd6 h6 54. Rd7 Re1 55. Kf5 Re2 56. Re7 Kf8 57. Kf6 Rg2 58. Rxf7+ Kg8 59. e6 Re2
60. e7 Re3 61. Rf8+ Kh7 62. Kf7 Re4 63. e8=Q Rxf4+ 64. Ke6 1-0